000 00680nam a2200277Ia 4500
005 20260324120548.0
008 008 260324s9999 xx 000 0 eng d
020 _a9780429101229
037 _aEBOOK
040 _aCRL
040 _beng
040 _cCRL
041 _2eng
041 _aeng
084 _qCRL
100 _aToufik Mansour; Matthias Schork
_91159067
245 0 _aCommutation Relations, Normal Ordering, and Stirling Numbers
260 _bTaylor and Francis
260 _c2015
365 _a
365 _b340
856 _uhttp://www.taylorfrancis.com/books/9780429101229
942 _cEBOOK
999 _c1750672
_d1750672